European Countries by AI - Statistics

General Stats
  • This quiz has been taken 52 times
  • The average score is 16 of 44
Answer Stats
Picture Answer % Correct
France
100%
Italy
95%
Germany
88%
Norway
86%
Netherlands
83%
Ireland
74%
Finland
67%
Monaco
67%
Vatican City
67%
Greece
62%
Croatia
60%
Hungary
52%
Belgium
50%
Iceland
50%
Czech Republic
40%
Russia
40%
San Marino
38%
Liechtenstein
31%
Bosnia & Herzegovina
29%
Bulgaria
29%
Montenegro
29%
Portugal
29%
Denmark
26%
Malta
26%
Slovenia
26%
Austria
24%
Poland
24%
Estonia
21%
Romania
19%
Spain
19%
Sweden
19%
Andorra
17%
Luxembourg
14%
Switzerland
14%
Moldova
10%
Belarus
7%
Lithuania
5%
North Macedonia
5%
Slovakia
5%
Albania
2%
Latvia
2%
UK
2%
Ukraine
2%
Serbia
0%
No matching quizzes found
Score Distribution
Percent of People with Each Score
Percentile by Number Answered
Your Score History
You have not taken this quiz